Effectiffs Portugal Euro 2024 - Statistiques

Statistiques générales
  • Ce quiz a été pris 101 fois
  • Le résultat moyen est 18 sur 26
Statistiques - réponses
Poste Numéro Club Joueur % Correct
Attaquant 7 Al-Nassr Cristiano Ronaldo
96%
Défenseur 4 Manchester City Ruben Dias
92%
Attaquant 17 AC Milan Rafael Leao
91%
Défenseur 19 PSG Nuno Mendes
88%
Milieu 23 PSG Vitinha
88%
Milieu 8 Manchester United Bruno Fernandes
87%
Milieu 10 Manchester City Bernardo Silva
86%
Gardien 22 FC Porto Diogo Costa
86%
Défenseur 3 Sans Club Pepe
86%
Attaquant 9 PSG Goncalo Ramos
85%
Attaquant 11 Atletico Madrid Joao Felix
81%
Gardien 1 Sans Club Rui Patricio
78%
Attaquant 21 FC Liverpool Diogo Jota
75%
Défenseur 20 Manchester City Joao Cancelo
74%
Défenseur 5 Manchester United Diogo Dalot
67%
Milieu 13 PSG Danilo Pereira
65%
Milieu 18 Al-Hilal Ruben Neves
61%
Attaquant 26 FC Porto Francisco Conceicao
56%
Milieu 15 SL Benfica Joao Neves
55%
Milieu 6 FC Fulham Joao Palinha
55%
Gardien 12 Wolverhampthon José Sa
54%
Défenseur 2 Wolverhampthon Nelson Semedo
53%
Milieu 16 Manchester City Matheus Nunes
48%
Défenseur 24 SL Benfica Antonio Silva
44%
Défenseur 14 Sporting Lisbonne Goncalo Inacio
41%
Attaquant 25 Wolverhampthon Pedro Neto
35%
Aucun quiz correspondant
Distribution des résultats
% des personnes avec chaque résultat
Percentile par nombre de réponses
Votre historique - résultats
Vous n’avez pas pris ce quiz